Statystyki dla Kraje graniczące z Chinami

Kliknij tutaj aby rozwiązać quiz!

Ogólne statystyki

  • Ten quiz został rozwiązany 66 razy
  • Średni wynik to 12 z 14

Statystyki odpowiedzi

KmKraje% Poprawnych
3645Rosja
100%
4677Mongolia
96%
3380Indie
93%
1533Kazachstan
93%
1416Korea Północna
93%
1236Nepal
87%
1281Wietnam
87%
470Bhutan
80%
423Laos
80%
2185Mjanma
80%
523Pakistan
80%
858Kirgistan
76%
76Afganistan
75%
414Tadżykistan
75%

Rozkład punktacji

Percentyl według liczby udzielonych odpowiedzi

Procent ludzi z każdym wynikiem

Twoja historia wyników

Nie rozwiązałeś tego quizu